000 00834nam a2200217Ia 4500
008 0000002000 usa 0000000000eng00
090 _aPUS00 K87a
100 1 _aKuspit, Donald
245 1 0 _aAdam Straus
_b: somewhere between here and disaster
_c/ text by Donald Kuspit
264 _aNew York : Nohra Haime Gallery
300 _a40 p.
_c/ 27 cm.
500 _aExposición realizada en Galería Nohra Haime, Nueva York, Octubre 4 Noviembre4, 2000 \ Con el patronazgo del maestro venezolano Jesús Rafael Soto (q.e.p.d.)
600 0 0 _aSTRAUS, ADAM, 1956/
_xTRABAJOS PICTORICOS
650 1 4 _a PINTURA ESTADOUNIDENSE
650 1 4 _aARTE CONTEMPORANEO ESTADOUNIDENSE
650 1 4 _xCATALOGOS
650 1 4 _xEXPOSICIONES
650 1 4 _aPINTORES ESTADOUNIDENSES
650 1 4 _aPINTURA DE PAISAJES
999 _c1285
_d1285
260 _c2000